Cálculo con geometría analítica
Uloženo v:
| Hlavní autor: | |
|---|---|
| Médium: | Kniha |
| Jazyk: | španělština |
| Vydáno: |
Ciudad de México
McGraw-Hill
1974
|
| Témata: | |
| Tagy: |
Přidat tag
Žádné tagy, Buďte první, kdo vytvoří štítek k tomuto záznamu!
|
MARC
| LEADER | 00000nam a2200000 a 4500 | ||
|---|---|---|---|
| 001 | UCT1078 | ||
| 003 | CL-VaPUC | ||
| 008 | 960913e19740000MX |||||||||||||||||spa|d | ||
| 082 | 0 | 4 | |a 515.15 |b STE |2 21 |
| 100 | 0 | |a Stein, Sherman K |e author |9 369823 | |
| 245 | 1 | 0 | |a Cálculo con geometría analítica |
| 300 | |a 2 v | ||
| 942 | |c BK | ||
| 945 | |d 19960913 00:00:00 |a paguirre | ||
| 260 | |a Ciudad de México |b McGraw-Hill |c 1974 | ||
| 650 | 0 | |a Cálculo |9 260234 | |
| 650 | 0 | |a Geometría analítica |9 260062 | |
| 650 | 0 | |a Funciones |9 263869 | |
| 650 | 0 | |a Trigonometría |9 259568 | |
| 650 | 0 | |a Geometría |9 264063 | |
| 650 | 0 | |a Parábolas |9 313604 | |
| 583 | |a last modification |c 19960913 00:00:00 |k Rodrigo Vera | ||
| 999 | |c 251740 |d 251738 | ||
| 952 | |0 0 |1 0 |4 0 |6 515_150000000000000_STE_1974 |7 0 |8 A |9 271116 |a BIBCUR |b BIBCUR |d 2019-11-19 |h v.1 |i 1746448 |l 1 |o 515.15 STE 1974 |p 1746448 |r 2025-04-22 |s 2023-08-11 |w 2019-11-19 |y BK |k BCB | ||
| 952 | |0 0 |1 0 |4 0 |6 515_150000000000000_STE_1974 |7 0 |8 A |9 271117 |a BIBCUR |b BIBCUR |d 2019-11-19 |h v.2 |i 1746456 |o 515.15 STE 1974 |p 1746456 |r 2025-04-22 |w 2019-11-19 |y BK |k BCB | ||
| 952 | |0 0 |1 0 |4 0 |6 515_150000000000000_STE_1974 |7 0 |8 A |9 271118 |a BIBMAT |b BIBMAT |d 2019-11-19 |h v.1 |i 1317512 |o 515.15 STE 1974 |p 1317512 |r 2025-01-07 |w 2019-11-19 |y BK |k MAT | ||